| 000 | 01978cam a2200349 a 4500 | ||
|---|---|---|---|
| 090 | _c0 | ||
| 001 | 12609919 | ||
| 005 | 20060728214030.0 | ||
| 008 | 011205s2001 nyua b 001 0 eng d | ||
| 010 | _a 2001277691 | ||
| 020 | _a0824705831 | ||
| 035 | _a(OCoLC)ocm48078520 | ||
| 040 |
_aABC _cABC _dDLC |
||
| 042 | _alccopycat | ||
| 050 | 0 | 0 |
_aHJ9733 _b.S74 2001 |
| 082 | 0 | 0 |
_a658.1 _221 _bSTE |
| 100 | 1 | _aSteiss, Alan Walter. | |
| 245 | 1 | 0 |
_aFinancial planning and management in public organizations / _cAlan Walter Steiss, 'Emeka O. Cyprian Nwagwu. |
| 260 |
_aNew York : _bMarcel Dekker, _cc2001. |
||
| 300 |
_aviii, 408 p. : _bill. ; _c24 cm. |
||
| 440 | 0 |
_aPublic administration and public policy ; _v95 |
|
| 504 | _aIncludes bibliographical references and index. | ||
| 505 | 0 | _aPreface -- 1. Financial management: an overview -- 2. Revenues and expenditures in the public sector -- 3. Cash management -- 4. Investment strategies -- Analytical techniques for financial planning and management -- 6. Principles and practices of public budgeting -- 7. Budgeting as a mechanism for financial planning and management -- 8. Government responsibility for capital facilities -- 9. Debt administration -- 10. Accounting systems: traditional mechanisms of management control -- 11. Managerial and cost accounting -- 12. Management information and performance evaluation systems -- Index. | |
| 650 | 0 |
_aFinance, Public _xAccounting. |
|
| 650 | 0 | _aFinance, Public. | |
| 650 | 0 |
_aAdministrative agencies _xManagement. |
|
| 700 | 1 | _aNwagwu, 'Emeka O. Cyprian. | |
| 856 | 4 | 2 |
_3Publisher description _uhttp://www.loc.gov/catdir/enhancements/fy0647/2001277691-d.html |
| 942 |
_2ddc _cBB |
||
| 999 |
_c10685 _d10685 |
||